Price Management Strategy, Analysis, Decision, Implementation (Record no. 42849)
[ view plain ]
| 000 -LEADER | |
|---|---|
| fixed length control field | 00337nam a2200121Ia 4500 |
| 008 - FIXED-LENGTH DATA ELEMENTS--GENERAL INFORMATION | |
| fixed length control field | 241028s9999 xx 000 0 und d |
| 041 ## - LANGUAGE CODE | |
| Language code of text/sound track or separate title | eng |
| 082 ## - DEWEY DECIMAL CLASSIFICATION NUMBER | |
| Classification number | 658.8 SIM |
| 100 ## - MAIN ENTRY--PERSONAL NAME | |
| Personal name | Hermann Simon |
| 245 ## - TITLE STATEMENT | |
| Title | Price Management Strategy, Analysis, Decision, Implementation |
| 260 ## - PUBLICATION, DISTRIBUTION, ETC. | |
| Name of publisher, distributor, etc. | Springer |
| Place of publication, distribution, etc. | Switzerland |
| Date of publication, distribution, etc. | 2019 |
| 300 ## - PHYSICAL DESCRIPTION | |
| Extent | 558;. P. 24 cm |
| Withdrawn status | Lost status | Damaged status | Not for loan | Home library | Current library | Shelving location | Date acquired | Cost, normal purchase price | Full call number | Barcode | Date last seen | Cost, replacement price | Price effective from | Koha item type |
|---|---|---|---|---|---|---|---|---|---|---|---|---|---|---|
| IMTN | IMTN | Rack 36-A | 07/03/2024 | 5687.00 | 658.8 SIM | 33278 | 10/28/2024 | 59.99 | 10/28/2024 | Books |